[Event "Bhubaneswar op-A 13th"]
[Site "Bhubaneswar"]
[Date "2022.05.23"]
[Round "2"]
[White "Atul, Kumar"]
[Black "Aleksandrov, Aleksej"]
[Result "0-1"]
[WhiteElo "1953"]
[BlackElo "2492"]
[PlyCount "70"]
[EventDate "2022.05.22"]
[EventType "swiss"]
[EventRounds "10"]
[EventCountry "IND"]
[SourceTitle "CBM 208 Extra"]
[Source "ChessBase"]
[SourceDate "2022.07.31"]
[SourceVersion "1"]
[SourceVersionDate "2022.07.31"]
[SourceQuality "1"]

1. f4 d5 2. Nf3 Nf6 3. e3 Bg4 4. h3 Bxf3 5. Qxf3 Nbd7 6. c4 e5 7. Nc3 exf4 8. exf4 Bc5 9. cxd5 0-0 10. Bc4 Nb6 11. Bb3 Qd7 12. d3 Rad8 13. Bd2 Nfxd5 14. Ne4 Bd4 15. Bc3 Ne3 16. Ke2 Bxc3 17. Qxe3 Bxb2 18. Rad1 a5 19. Qd2 a4 20. Qxb2 axb3 21. Qxb3 Nd5 22. Rhf1 Qf5 23. g4 Qg6 24. Rf3 f5 25. gxf5 Rxf5 26. Rdf1 b6 27. Nc3 h6 28. Nxd5 Rdxd5 29. Qc4 Kh7 30. R1f2 c5 31. Kd2 Rd4 32. Qc3 b5 33. Kc2 Qf6 34. Re2 c4 35. Re4 cxd3+ 0-1

[Event "Sitges op-B 43rd"]
[Site "Sitges"]
[Date "2017.07.29"]
[Round "8.2"]
[White "Atul, Kumar"]
[Black "Arnijas Fabregas, Marc"]
[Result "1-0"]
[WhiteElo "1907"]
[BlackElo "1947"]
[PlyCount "67"]
[EventDate "2017.07.22"]
[EventType "swiss"]
[EventRounds "9"]
[EventCountry "ESP"]
[SourceTitle "EXT 2024"]
[Source "ChessBase"]
[SourceDate "2023.10.10"]
[SourceVersion "1"]
[SourceVersionDate "2023.10.10"]
[SourceQuality "1"]

1. e4 c6 2. d4 g6 3. Bd3 d5 4. e5 h5 5. Ne2 Nh6 6. h3 Bg7 7. c3 Qb6 8. a4 Nf5 9. a5 Qc7 10. b4 e6 11. 0-0 Nd7 12. Nd2 Rb8 13. Nf4 Nf8 14. Ba3 Bh6 15. Ne2 g5 16. b5 Qd8 17. g4 hxg4 18. hxg4 Nh4 19. Ng3 Nd7 20. Bd6 Ra8 21. bxc6 bxc6 22. Qa4 Bb7 23. Rab1 Rb8 24. Bxb8 Qxb8 25. a6 Nb6 26. Rxb6 axb6 27. axb7 Qxb7 28. Ra1 0-0 29. Qa7 Qc8 30. Nh5 c5 31. Qe7 cxd4 32. Qf6 Ng6 33. Bxg6 Qxc3 34. Ra7 1-0

[Event "Sitges op-B 43rd"]
[Site "Sitges"]
[Date "2017.07.28"]
[Round "7.2"]
[White "Atul, Kumar"]
[Black "Parayre Soguero, Jordi"]
[Result "1/2-1/2"]
[WhiteElo "1907"]
[BlackElo "1944"]
[PlyCount "129"]
[EventDate "2017.07.22"]
[EventType "swiss"]
[EventRounds "9"]
[EventCountry "ESP"]
[SourceTitle "EXT 2024"]
[Source "ChessBase"]
[SourceDate "2023.10.10"]
[SourceVersion "1"]
[SourceVersionDate "2023.10.10"]
[SourceQuality "1"]

1. e4 c6 2. d4 d5 3. Nd2 dxe4 4. Nxe4 Bf5 5. Ng3 Bg6 6. Nf3 Nd7 7. h4 h6 8. h5 Bh7 9. Bd3 Bxd3 10. Qxd3 e6 11. Bd2 Ngf6 12. 0-0-0 Be7 13. c4 0-0 14. Bc3 b5 15. cxb5 cxb5 16. Qxb5 Nd5 17. Ba5 Qc8+ 18. Kb1 Ba3 19. Rd2 Rb8 20. Qd3 Bb4 21. Bxb4 Rxb4 22. Ne2 Qb7 23. Ka1 Rb8 24. Rb1 N7b6 25. Rc2 Ra4 26. Nc3 Nb4 27. Qe2 Nxc2+ 28. Qxc2 Ra5 29. Ne5 Nd5 30. b3 Nb4 31. Qe2 Rc8 32. Nc4 Ra6 33. g4 Nd5 34. Ne4 Qb4 35. Qd3 Rac6 36. g5 hxg5 37. Nxg5 Qc3+ 38. Qxc3 Nxc3 39. Rh1 f6 40. Nf3 Nd5 41. Nfd2 Nb4 42. Kb1 Nd3 43. f3 Rd8 44. Rh4 Nb4 45. a3 Nd5 46. Kb2 Ne7 47. Kc3 Nf5 48. Rg4 Kf7 49. b4 Rh8 50. b5 Rc7 51. Kb4 Rxh5 52. a4 Rh1 53. a5 g5 54. b6 axb6 55. axb6 Rb7 56. Kc5 Rh4 57. Ne4 Rxg4 58. fxg4 Rxb6 59. Nxb6 Nxd4 60. Nxf6 Nf3 61. Ne4 Kg6 62. Nd7 Nh2 63. Ne5+ Kg7 64. Nxg5 Nxg4 65. Nxg4 1/2-1/2

[Event "Barcelona Sant Marti op-B 19th"]
[Site "Barcelona"]
[Date "2017.07.19"]
[Round "7"]
[White "Khudov, Oleksandr"]
[Black "Atul, Kumar"]
[Result "0-1"]
[WhiteElo "1823"]
[BlackElo "1907"]
[PlyCount "86"]
[EventDate "2017.07.13"]
[EventType "swiss"]
[EventRounds "9"]
[EventCountry "ESP"]
[SourceTitle "EXT 2018"]
[Source "ChessBase"]
[SourceDate "2017.10.13"]
[SourceVersion "1"]
[SourceVersionDate "2017.10.13"]
[SourceQuality "1"]

1. c4 g6 2. Nc3 Bg7 3. Nf3 b6 4. g3 Bb7 5. Bg2 e5 6. d3 Ne7 7. 0-0 0-0 8. Rb1 c5 9. a3 Nbc6 10. b4 cxb4 11. axb4 Nd4 12. e3 Ne6 13. Bb2 d6 14. Qb3 Kh8 15. Nd2 Bxg2 16. Kxg2 f5 17. Nd5 Qd7 18. Rfe1 g5 19. Ra1 Qb7 20. e4 f4 21. g4 f3+ 22. Nxf3 Nc6 23. Qd1 Rf7 24. Nd2 Raf8 25. f3 Nf4+ 26. Nxf4 Rxf4 27. Qa4 Qc8 28. Rf1 R8f7 29. h3 h5 30. Kg3 Nd4 31. Bxd4 exd4 32. Qb5 Be5 33. Kf2 hxg4 34. hxg4 Qxg4 35. Ke2 Qg2+ 36. Rf2 Qh3 37. Raf1 g4 38. fxg4 Rxf2+ 39. Rxf2 Qe3+ 40. Kd1 Qxf2 41. Qe8+ Kg7 42. c5 bxc5 43. bxc5 Bf4 0-1

[Event "Barcelona Sant Marti op-B 19th"]
[Site "Barcelona"]
[Date "2017.07.18"]
[Round "6"]
[White "Atul, Kumar"]
[Black "Arribas Alvarez, Marti"]
[Result "1-0"]
[WhiteElo "1907"]
[BlackElo "1781"]
[PlyCount "57"]
[EventDate "2017.07.13"]
[EventType "swiss"]
[EventRounds "9"]
[EventCountry "ESP"]
[SourceTitle "EXT 2018"]
[Source "ChessBase"]
[SourceDate "2017.10.13"]
[SourceVersion "1"]
[SourceVersionDate "2017.10.13"]
[SourceQuality "1"]

1. e4 e6 2. d4 d5 3. e5 c5 4. c3 Nc6 5. Nf3 Bd7 6. Be3 cxd4 7. cxd4 Qb6 8. Qd2 Nge7 9. Nc3 Nf5 10. Be2 Rc8 11. 0-0 Bb4 12. Rfc1 Na5 13. Bd3 Nc4 14. Qe2 Nfxe3 15. fxe3 Nxb2 16. Nxd5 Rxc1+ 17. Rxc1 exd5 18. Qxb2 Ba5 19. Qa3 Qh6 20. Kf2 Bb6 21. Qb4 Bc6 22. a4 Bd8 23. Bb5 Kd7 24. e6+ fxe6 25. Ne5+ Ke8 26. Rxc6 Rf8+ 27. Ke2 Qh5+ 28. Kd2 Rf2+ 29. Kc3 1-0

[Event "Montcada op-B 25th"]
[Site "Montcada"]
[Date "2017.07.03"]
[Round "9"]
[White "Sumit, Kumar1111"]
[Black "Atul, Kumar"]
[Result "1-0"]
[WhiteElo "1975"]
[BlackElo "1907"]
[PlyCount "23"]
[EventDate "2017.06.26"]
[EventType "swiss"]
[EventRounds "9"]
[EventCountry "ESP"]
[SourceTitle "EXT 2018"]
[Source "ChessBase"]
[SourceDate "2017.10.13"]
[SourceVersion "1"]
[SourceVersionDate "2017.10.13"]
[SourceQuality "1"]

1. e4 e5 2. Nf3 Nc6 3. Bc4 Bc5 4. 0-0 Nf6 5. d4 Nxd4 6. Nxe5 0-0 7. Be3 Ne6 8. Bxe6 Bxe3 9. Bxf7+ Rxf7 10. Nxf7 Kxf7 11. fxe3 Kg8 12. e5 1-0